|
|
|
|
| LEADER |
00000nab a2200000 ar4500 |
| 001 |
vtls009145591 |
| 003 |
SK-MaSNL |
| 005 |
20260304042155.0 |
| 008 |
071002c20070906xo dr|p|||||||000 b|slo |
| 015 |
|
|
|a SNBRB2007/10
|2 snkbucl
|
| 040 |
|
|
|a SNKBUCL
|b slo
|c SNKBUCL
|e AACR2
|
| 041 |
0 |
|
|a slo
|
| 044 |
|
|
|a xo
|c SK
|
| 080 |
|
|
|a 328.1:330.322.14
|x (437.6)
|2 2001
|
| 080 |
|
|
|a 625.711.3
|2 2001
|
| 100 |
1 |
|
|a Halán, Tomáš
|4 aut
|9 93076
|
| 245 |
1 |
0 |
|a Štát neprezradí, koľko zaplatí
|b súkromní investori na výstavbu diaľnic dostali ...
|c Tomáš Halán
|
| 300 |
|
|
|b Mp.
|
| 500 |
|
|
|a Od 15.1.2007 návrat k pôvodnému vročeniu
|
| 610 |
1 |
7 |
|a Slovensko.
|b Vláda
|2 snkbucl
|9 14235
|
| 650 |
0 |
7 |
|a diaľnice
|x výstavba
|2 snkbucl
|9 1281350
|
| 650 |
0 |
7 |
|a projekty privátneho a verejného partnerstva (PPP)
|2 snkbucl
|9 1324543
|
| 651 |
|
7 |
|a Slovensko
|2 snkbucl
|
| 655 |
|
7 |
|a analýzy
|2 snkbucl
|9 22242
|
| 773 |
0 |
|
|t Sme
|g Roč. 15, č. 205 (6.9.2007), s. 6
|x 1335-440X
|
| 852 |
|
|
|a SNK
|b KIS3GCP
|
| 958 |
|
|
|a SK
|
| 999 |
|
|
|c 2672821
|d 2674751
|